| 000 | 00764nam a22002890a 4500 | ||
|---|---|---|---|
| 001 | PT61811 | ||
| 003 | AR-LpoUNG | ||
| 005 | 20210131232049.0 | ||
| 008 | 191001s2018||||ag |||||||||||||||||spa d | ||
| 020 |
_a9789500108676 _c$23,50 |
||
| 040 |
_aAR-LpoUNG _bspa _cAR-LpoUNG _eaacr |
||
| 041 | _aspa | ||
| 044 | _aag | ||
| 082 | 0 | _aR463 82dic | |
| 245 | 1 | 0 | _aDiccionario escolar Estrada |
| 250 | _a3ra. ed., 18va. reimpr. | ||
| 260 |
_aBoulogne : _bEstrada, _c2018. |
||
| 300 |
_aviii, 554 p. : _btbls., gráfs., fot. |
||
| 650 | 4 | _aDICCIONARIOS | |
| 650 | 4 | _aGRAMATICA | |
| 650 | 4 | _aLENGUA ESPAÑOLA | |
| 650 | 4 | _aMATERIAL DE REFERENCIA | |
| 650 | 4 | _aTERMINOLOGIA | |
| 710 | 2 | _aEditorial Estrada (Buenos Aires) | |
| 905 | _a61811 | ||
| 942 | _cLSALA | ||
| 999 |
_c13511 _d13511 |
||